00342cam a22001097a 4500008004100000082001800041100002500059245006600084260002700150300001000177650004500187180718b1978. xxu||||| |||| 00| 0 eng d aA99 R137 N143 aNarasimha Char, K.T. aC. Rajagopalachari: his life and mindcby K.T. Narasimha Char aDelhibHeritagec1978. a184p. aRajagopaalachari, Chakravarti, 1879-1972